The noble scholar, jurist, historian


 His Excellency Dr. Abdul Wahhab bin Ibrahim Abu Sulaiman, may Allah have mercy on him.


 He was born in Umm Al-Qura in the year 1356 AH.

جهود الشيخ محمد الأمين الشنقيطي في تقرير عقيدة السلف / (Record no. 12024)

MARC details
000 -LEADER
fixed length control field 01697cam a22003491ia4500
003 - CONTROL NUMBER IDENTIFIER
control field SA-RiAUC
005 - DATE AND TIME OF LATEST TRANSACTION
control field 20250923035529.0
008 - FIXED-LENGTH DATA ELEMENTS--GENERAL INFORMATION
fixed length control field 250810s2006 su g b f000 0dara c
020 ## - INTERNATIONAL STANDARD BOOK NUMBER
International Standard Book Number 9033029960
040 ## - CATALOGING SOURCE
Original cataloging agency SA-RiAKPL
Language of cataloging ara
Transcribing agency SA-RiAUC
Description conventions rda
082 04 - DEWEY DECIMAL CLASSIFICATION NUMBER
Classification number 240
Assigning agency SA-RiAUC
090 ## - LOCALLY ASSIGNED LC-TYPE CALL NUMBER (OCLC); LOCAL CALL NUMBER (RLIN)
Classification number (OCLC) (R) ; Classification number, CALL (RLIN) (NR) 240
Local cutter number (OCLC) ; Book number/undivided call number, CALL (RLIN) ط و ي
100 1# - MAIN ENTRY--PERSONAL NAME
Personal name الطويان، عبد العزيز بن صالح بن إبراهيم
Relator term مؤلف.
245 10 - TITLE STATEMENT
Title جهود الشيخ محمد الأمين الشنقيطي في تقرير عقيدة السلف /
Statement of responsibility, etc. إعداد عبد العزيز بن صالح بن إبراهيم الطويان.
250 ## - EDITION STATEMENT
Edition statement الطبعة الثانية.
264 #1 - PRODUCTION, PUBLICATION, DISTRIBUTION, MANUFACTURE, AND COPYRIGHT NOTICE
Place of production, publication, distribution, manufacture المدينة المنورة :
Name of producer, publisher, distributor, manufacturer الجامعة الإسلامية، المجلس العلمي،
Date of production, publication, distribution, manufacture, or copyright notice [2006]
300 ## - PHYSICAL DESCRIPTION
Extent 2 مجلد (728 صفحة) ؛
Dimensions 24 سم.
336 ## - CONTENT TYPE
Content type term نص
Content type code txt
Source rdacontent
Materials specified كتاب
337 ## - MEDIA TYPE
Media type term بدون وسيط
Media type code n
Source rdamedia
338 ## - CARRIER TYPE
Carrier type term مجلد
Carrier type code nc
Source rdacarrier
490 1# - SERIES STATEMENT
Series statement إصدارات المجلس العلمي ؛
Volume/sequential designation 26
500 ## - GENERAL NOTE
General note الأصل أطروحة ماجستير، الجامعة الإسلامية، قسم الدراسات العليا، 1412 هـ.
504 ## - BIBLIOGRAPHY, ETC. NOTE
Bibliography, etc. note ببليوجرافية : صفحة 691-728.
600 17 - SUBJECT ADDED ENTRY--PERSONAL NAME
Personal name الشنقيطي، محمد أمين بن عبدي بن فال الخير،
Dates associated with a name 1876-1932
Source of heading or term aucnm
650 #7 - SUBJECT ADDED ENTRY--TOPICAL TERM
Topical term or geographic name entry element الوهابية
Source of heading or term aucsh
650 #7 - SUBJECT ADDED ENTRY--TOPICAL TERM
Topical term or geographic name entry element الدعوة الإسلامية
Source of heading or term aucsh
650 #7 - SUBJECT ADDED ENTRY--TOPICAL TERM
Topical term or geographic name entry element السلفية
Source of heading or term aucsh
653 ## - INDEX TERM--UNCONTROLLED
Uncontrolled term الديانات
830 #0 - SERIES ADDED ENTRY--UNIFORM TITLE
Uniform title إصدارات الجامعة الإسلامية (المدينة المنورة).
Name of part/section of a work المجلس العلمي
Volume/sequential designation 26
942 ## - ADDED ENTRY ELEMENTS (KOHA)
Source of classification or shelving scheme Dewey Decimal Classification
Koha item type Books
Suppress in OPAC No
949 ## - LOCAL PROCESSING INFORMATION (OCLC)
a SA-JeALM
d 250810
u mohamedma123
n 1
Holdings
Withdrawn status Lost status Source of classification or shelving scheme Materials specified (bound volume or other part) Damaged status Not for loan Home library Current library Date acquired Total checkouts Full call number Barcode Date last seen Price effective from Koha item type
    Dewey Decimal Classification الجزء الأول     DR AbdElwahab Library DR AbdElwahab Library 09/23/2025   240 ط و ي 000019354 09/23/2025 09/23/2025 Books